Principles of revival / (Record no. 5110)

MARC details
000 -LEADER
fixed length control field 00985nam a2200301 a 4500
001 - CONTROL NUMBER
control field 16900357
003 - CONTROL NUMBER IDENTIFIER
control field OSt
005 - DATE AND TIME OF LATEST TRANSACTION
control field 20181220133748.0
008 - FIXED-LENGTH DATA ELEMENTS--GENERAL INFORMATION
fixed length control field 870610s1987 mnu 000 0 eng
010 ## - LIBRARY OF CONGRESS CONTROL NUMBER
LC control number 87018433
020 ## - INTERNATIONAL STANDARD BOOK NUMBER
International Standard Book Number 0871239299 (pbk.) :
Terms of availability 5.95
040 ## - CATALOGING SOURCE
Original cataloging agency DLC
Transcribing agency DLC
Modifying agency OBE
043 ## - GEOGRAPHIC AREA CODE
Geographic area code n-us---
050 0# - LIBRARY OF CONGRESS CALL NUMBER
Classification number BV3790
Item number .F5325 1987
082 0# - DEWEY DECIMAL CLASSIFICATION NUMBER
Classification number 243
Edition number 19
Item number F514P
099 ## - LOCAL FREE-TEXT CALL NUMBER (OCLC)
Classification number BV3790.F5325 1987
100 1# - MAIN ENTRY--PERSONAL NAME
Personal name Finney, Charles G.,
Dates associated with a name 1792-1875
240 10 - UNIFORM TITLE
Uniform title Sermons on important subjects.
Form subheading Selections
245 10 - TITLE STATEMENT
Title Principles of revival /
Statement of responsibility, etc. Charles G. Finney ; compiled and edited by Louis Gifford Parkhurst
260 ## - PUBLICATION, DISTRIBUTION, ETC.
Place of publication, distribution, etc. Minneapolis, Minn. :
Name of publisher, distributor, etc. Bethany House Publishers,
Date of publication, distribution, etc. c1987
300 ## - PHYSICAL DESCRIPTION
Extent 216 p. ;
Dimensions 21 cm
500 ## - GENERAL NOTE
General note Selections from the author's Sermons on important subjects
650 #0 - SUBJECT ADDED ENTRY--TOPICAL TERM
Topical term or geographic name entry element Revivals
650 #0 - SUBJECT ADDED ENTRY--TOPICAL TERM
Topical term or geographic name entry element Conversion
690 ## - LOCAL SUBJECT ADDED ENTRY--TOPICAL TERM (OCLC, RLIN)
Topical term or geographic name as entry element Oberlin College author
General subdivision Administration
-- Finney, Charles G
700 10 - ADDED ENTRY--PERSONAL NAME
Personal name Parkhurst, Louis Gifford,
Dates associated with a name 1946-
942 ## - ADDED ENTRY ELEMENTS (KOHA)
Source of classification or shelving scheme Dewey Decimal Classification
Koha item type Books
Holdings
Withdrawn status Lost status Source of classification or shelving scheme Damaged status Not for loan Collection code Home library Current library Shelving location Date acquired Cost, normal purchase price Total Checkouts Full call number Barcode Date last seen Price effective from Koha item type
    Dewey Decimal Classification     Non-fiction Harvest Mission College Harvest Mission College General Stacks 20.12.2018 540.00   243 F514P 005842 20.12.2018 20.12.2018 Books

OPAC Designed and Maintained by HMC Library Team.
Copyright © HMC Library,Greater Noida, UP.
For any Suggestions/Query Contact library via Email:libhmc@gmail.com